000 01224cam a2200325 a 4500
001 3199
003 FISKH
005 20250320143526.0
008 990308s2000 nyua c b 001 0 eng
010 _a 99024894
020 _a0590673092
020 _a9780590673105
040 _aDLC
_cDLC
_dDLC
_beng
042 _alcac
043 _an-us-ny
050 0 0 _aF128.47
_b.M96 2000
082 0 0 _a974.7/1041
_221
100 1 _aMurphy, Jim,
_d1947-
245 1 0 _aBlizzard!
_bthe storm that changed America /
_cJim Murphy.
260 _aNew York :
_bScholastic,
_c2000.
300 _a136 pages :
_billustrations ;
_c26 cm.
504 _aIncludes bibliographical references and index.
520 _aPresents a history, based on personal accounts and newspaper articles, of the massive snow storm that hit the Northeast in 1888, focusing on the events in New York City.
650 0 _aBlizzards
_zNew York (State)
_zNew York
_xHistory
_y19th century
_vJuvenile literature.
650 1 _aBlizzards
_zNew York (State)
_zNew York.
651 0 _aNew York (N.Y.)
_xHistory
_y1865-1898
_vJuvenile literature
651 1 _aNew York (N.Y.)
_xHistory
_y1865-1898.
906 _a7
_bcbc
_corignew
_d1
_eocip
_f19
_gy-gencatlg
942 _2ddc
_cBK
_n0
999 _c3199
_d3199